[Event "VI Open A"]
[Site "Viterbo ITA"]
[Date "2009.05.31"]
[Round "3"]
[White "Almadori, Giovanni"]
[Black "Scali, Fausto"]
[Result "0-1"]
[WhiteElo "1401"]
[BlackElo "1918"]
[PlyCount "68"]
[EventDate "2009.05.30"]

1. Nf3 Nf6 2. g3 d5 3. d4 e6 4. Bg2 c5 5. O-O Nc6 6. c3 Bd6 7. Bg5 h6 8. Bxf6
Qxf6 9. Re1 O-O 10. Nbd2 cxd4 11. cxd4 Nxd4 12. e4 Nxf3+ 13. Nxf3 dxe4 14. Nd2
Rd8 15. Nxe4 Qe7 16. Re2 Bb4 17. Qc2 Bd7 18. a3 Ba5 19. Qc5 Qxc5 20. Nxc5 Bb5
21. Rc2 Bb6 22. Nxb7 Rd4 23. Nd6 Ba4 24. Rc8+ Rxc8 25. Nxc8 Rd2 26. Nxb6 axb6
27. Rb1 Bc2 28. Rc1 Bg6 29. Rc8+ Kh7 30. b4 Rd1+ 31. Bf1 Bd3 32. Rd8 Rxf1+ 33.
Kg2 Rd1 34. f3 Bf1+ 0-1

[Event "VI Open A"]
[Site "Viterbo ITA"]
[Date "2009.05.31"]
[Round "3"]
[White "Blonna, Michele"]
[Black "Stoja, Rocco"]
[Result "1-0"]
[WhiteElo "2012"]
[BlackElo "1864"]
[PlyCount "95"]
[EventDate "2009.05.30"]

1. e4 g6 2. d4 Bg7 3. Nc3 d6 4. Be3 Nd7 5. Qd2 c6 6. O-O-O b5 7. g4 Qa5 8. Kb1
Rb8 9. Bd3 Nb6 10. f3 Nc4 11. Bxc4 bxc4 12. Nce2 Qxd2 13. Rxd2 d5 14. Nc3 e6
15. Nge2 Ne7 16. Bf4 e5 17. dxe5 Be6 18. Nd4 O-O 19. Bg5 Rb7 20. Bxe7 Rxe7 21.
Nxc6 Rb7 22. exd5 Bd7 23. Na5 Rb6 24. Re1 Rfb8 25. Nxc4 Rb4 26. Rd4 Rc8 27. b3
a5 28. a3 Rbb8 29. Ka2 Bf8 30. Ne4 Bb5 31. Rc1 f5 32. exf6 a4 33. d6 axb3+ 34.
cxb3 Bd7 35. Rdd1 Bh6 36. g5 Bf8 37. Ne5 Be6 38. Nc4 Rb7 39. Na5 Rxc1 40. Rxc1
Rb5 41. Nc4 Kf7 42. a4 Rb8 43. Ne5+ Kg8 44. Rc3 Bf5 45. d7 Rd8 46. f7+ Kg7 47.
Nf6 Be7 48. Nc6 1-0

[Event "VI Open A"]
[Site "Viterbo ITA"]
[Date "2009.05.31"]
[Round "3"]
[White "Bogosaljevic, Miodrag"]
[Black "Tomini, Marco"]
[Result "1/2-1/2"]
[WhiteElo "2030"]
[BlackElo "2024"]
[PlyCount "45"]
[EventDate "2009.05.30"]

1. d4 Nf6 2. c4 b6 3. Nc3 Bb7 4. Nf3 e6 5. Bg5 d5 6. e3 Be7 7. Bd3 Nbd7 8. O-O
O-O 9. Rc1 c5 10. cxd5 exd5 11. b3 Re8 12. Bb1 Ne4 13. Bf4 Nxc3 14. Rxc3 Rc8
15. Qd3 Nf6 16. Be5 Ne4 17. Nd2 g6 18. Rcc1 Bf6 19. Nf3 cxd4 20. Bxd4 Qd6 21.
Bxf6 Qxf6 22. Qd4 Qxd4 23. Nxd4 1/2-1/2

[Event "VI Open A"]
[Site "Viterbo ITA"]
[Date "2009.05.31"]
[Round "3"]
[White "Calabrese, Maurizio"]
[Black "Tirri, Valerio"]
[Result "1/2-1/2"]
[WhiteElo "1529"]
[BlackElo "1682"]
[PlyCount "146"]
[EventDate "2009.05.30"]

1. e4 c5 2. Nf3 Nc6 3. Nc3 d6 4. d4 cxd4 5. Nxd4 Nf6 6. Nxc6 bxc6 7. Bg5 e5 8.
Be2 Be7 9. Qd2 O-O 10. O-O Bb7 11. h3 Qc7 12. h4 Rfd8 13. Bf3 a6 14. g3 Rd7 15.
Bg2 Nh5 16. Bxe7 Rxe7 17. Qe2 Nf6 18. Nd1 d5 19. Ne3 Rd8 20. Nf5 Ree8 21. g4
Bc8 22. g5 Nxe4 23. Bxe4 dxe4 24. Qxe4 Bxf5 25. Qxf5 g6 26. Qg4 Rd4 27. Qh3
Red8 28. h5 Qe7 29. f4 exf4 30. Rf2 Qxg5+ 31. Rg2 Qc5 32. Kh2 Qd6 33. Qf3 Rd5
34. hxg6 hxg6 35. Rf1 Rh5+ 36. Qxh5 f3+ 37. Rg3 Qxg3+ 38. Kxg3 gxh5 39. Rxf3
Kg7 40. Rf5 Kg6 41. Rc5 Rc8 42. a4 f6 43. b4 Rb8 44. c3 Rc8 45. c4 Rb8 46. b5
cxb5 47. cxb5 axb5 48. Rxb5 Ra8 49. a5 Ra6 50. Kh4 Kh6 51. Rxh5+ Kg6 52. Rb5
Kh6 53. Kg3 Kg6 54. Kf4 Kf7 55. Kf5 Ke7 56. Rd5 Rd6 57. Rb5 Ra6 58. Ke4 Kd7 59.
Kd4 Kc6 60. Kc4 Kd6 61. Kb4 Rc6 62. Rf5 Ke6 63. Kb5 Rd6 64. Rc5 f5 65. Rc6 f4
66. Rc3 Rd8 67. a6 Rf8 68. a7 Kd6 69. Ka6 f3 70. Kb6 f2 71. Rc1 f1=Q 72. a8=Q
Qf2+ 73. Kb5 Qb2+ 1/2-1/2

[Event "VI Open A"]
[Site "Viterbo ITA"]
[Date "2009.05.31"]
[Round "3"]
[White "Calandri, Fausto"]
[Black "Cannada Bartoli, Vincenzo"]
[Result "1/2-1/2"]
[WhiteElo "2149"]
[BlackElo "2006"]
[PlyCount "61"]
[EventDate "2009.05.30"]

1. e4 e6 2. d4 d5 3. Nd2 c5 4. exd5 Qxd5 5. Ngf3 cxd4 6. Bc4 Qd8 7. O-O Nf6 8.
Nb3 Nc6 9. Nbxd4 Nxd4 10. Nxd4 Qc7 11. Qe2 a6 12. b3 Bc5 13. Bb2 O-O 14. a4 e5
15. Nf3 e4 16. Ne5 Bf5 17. g4 Bd6 18. Nxf7 Bxh2+ 19. Kg2 b5 20. axb5 axb5 21.
Rxa8 Rxa8 22. gxf5 bxc4 23. Bxf6 Qxf7 24. Kxh2 cxb3 25. cxb3 Qxf6 26. Qxe4 Rf8
27. Qd5+ Qf7 28. Rd1 Qxd5 29. Rxd5 Rb8 30. Rd3 Rb5 31. Rf3 1/2-1/2

[Event "VI Open A"]
[Site "Viterbo ITA"]
[Date "2009.05.31"]
[Round "3"]
[White "Calavalle, Giulio"]
[Black "Vuelban, Virgilio"]
[Result "0-1"]
[WhiteElo "2235"]
[BlackElo "2422"]
[PlyCount "109"]
[EventDate "2009.05.30"]

1. e4 c5 2. Nc3 e6 3. Nf3 Nc6 4. d4 cxd4 5. Nxd4 d6 6. Be3 Nf6 7. Be2 Be7 8. g4
a6 9. g5 Nd7 10. h4 O-O 11. Qd2 Nxd4 12. Qxd4 b5 13. Rg1 Bb7 14. h5 Nc5 15. e5
dxe5 16. Qg4 Qe8 17. g6 fxg6 18. b4 Na4 19. Nxa4 bxa4 20. Qxe6+ Kh8 21. Qb6 Be4
22. c3 Rf6 23. Qc7 Bf8 24. Qc4 Bf5 25. hxg6 Bxg6 26. Rc1 Rc8 27. Qh4 a3 28. Bg5
Rfc6 29. Rg3 Rb8 30. Bc4 Qc8 31. Bd5 Rxb4 32. Qh1 Rc7 33. Bd2 Rg4 34. Qg2 Rxg3
35. Qxg3 Qf5 36. c4 Bc5 37. Be3 Bb4+ 38. Bd2 Bxd2+ 39. Kxd2 Bf7 40. Bxf7 Rxf7
41. c5 Qd7+ 42. Qd3 Rxf2+ 43. Kc3 Qc7 44. Qd6 Qa5+ 45. Kc4 Qb5+ 46. Kd5 Rd2+
47. Ke6 Rxd6+ 48. cxd6 Qe8+ 49. Kd5 Kg8 50. Rc7 Kf8 51. d7 Qf7+ 52. Kc5 Qe7+
53. Kd5 Qd8 54. Kd6 Qf6+ 55. Kc5 0-1

[Event "VI Open A"]
[Site "Viterbo ITA"]
[Date "2009.05.31"]
[Round "3"]
[White "Campomori, Bruno"]
[Black "Biondi, Massimo"]
[Result "1/2-1/2"]
[WhiteElo "1978"]
[BlackElo "1853"]
[PlyCount "87"]
[EventDate "2009.05.30"]

1. e4 c5 2. Nf3 d6 3. d4 cxd4 4. Nxd4 Nf6 5. Nc3 a6 6. Bc4 e6 7. f3 Be7 8. Be3
O-O 9. Qd2 Qc7 10. Bb3 Nc6 11. Qf2 Nxd4 12. Bxd4 b5 13. O-O Bb7 14. Rfe1 b4 15.
Ne2 e5 16. Be3 d5 17. Qg3 Bc5 18. Bxc5 Qxc5+ 19. Kh1 dxe4 20. f4 exf4 21. Qxf4
a5 22. c3 a4 23. Bc2 a3 24. bxa3 bxc3 25. a4 Nh5 26. Qh4 g6 27. Rad1 f5 28. Nd4
Ng7 29. Nb5 f4 30. Nd6 Bc6 31. Qe7 Qa7 32. Bb3+ Kh8 33. Nf7+ Rxf7 34. Qxf7 Qxf7
35. Bxf7 Nf5 36. Rc1 Rxa4 37. Rxc3 Bb5 38. Rc5 Bd3 39. Bb3 Rb4 40. Rc7 Nd4 41.
Rec1 Nxb3 42. axb3 Rxb3 43. Rf7 Kg8 44. Rxf4 1/2-1/2

[Event "VI Open A"]
[Site "Viterbo ITA"]
[Date "2009.05.31"]
[Round "3"]
[White "Collutiis, Duilio"]
[Black "Gerardi, Saverio"]
[Result "1-0"]
[WhiteElo "2451"]
[BlackElo "2187"]
[PlyCount "51"]
[EventDate "2009.05.30"]

1. Nf3 d5 2. g3 Nf6 3. Bg2 e6 4. O-O Be7 5. d3 O-O 6. Nbd2 b6 7. e4 Bb7 8. e5
Nfd7 9. Re1 c5 10. Nf1 Nc6 11. h4 Qc7 12. Bf4 d4 13. N1h2 Nb4 14. Ng4 Nd5 15.
Bg5 Bxg5 16. hxg5 Ne7 17. Qe2 Ng6 18. Nd2 Rae8 19. Bxb7 Qxb7 20. f4 Qd5 21. Ne4
b5 22. a4 b4 23. b3 Re7 24. Ngf6+ gxf6 25. gxf6 Ree8 26. Qh5 1-0

[Event "VI Open A"]
[Site "Viterbo ITA"]
[Date "2009.05.31"]
[Round "3"]
[White "De Blasio, Alessandro"]
[Black "Faini, Marco"]
[Result "1-0"]
[WhiteElo "2057"]
[BlackElo "1915"]
[PlyCount "71"]
[EventDate "2009.05.30"]

1. e4 c5 2. Nf3 d6 3. d4 cxd4 4. Nxd4 Nf6 5. Nc3 a6 6. Bg5 e6 7. f4 b5 8. e5
dxe5 9. fxe5 Qc7 10. exf6 Qe5+ 11. Be2 Qxg5 12. Qd3 gxf6 13. Ne4 Qe5 14. O-O-O
Be7 15. Bf3 Ra7 16. Rhe1 Qc7 17. Qe3 h6 18. Kb1 Bd7 19. Rd3 b4 20. Bh5 Nc6 21.
Nxc6 Bxc6 22. Nxf6+ Kf8 23. Qf2 Bd8 24. Nd7+ Qxd7 25. Rxd7 Rxd7 26. Qc5+ Be7
27. Qxc6 Rd8 28. Bxf7 Rd6 29. Qf3 Kg7 30. Bxe6 Rf8 31. Qg4+ Kh8 32. Bc4 Bf6 33.
Bd3 Bg5 34. Qe4 Rd7 35. Qxb4 Rfd8 36. a3 1-0

[Event "VI Open A"]
[Site "Viterbo ITA"]
[Date "2009.05.31"]
[Round "3"]
[White "De Caro, Nicola"]
[Black "Faini, Ivano"]
[Result "1-0"]
[WhiteElo "1656"]
[BlackElo "1706"]
[PlyCount "80"]
[EventDate "2009.05.30"]

1. d4 e5 2. e3 exd4 3. exd4 d5 4. Nf3 Bf5 5. Nbd2 Nf6 6. c4 c6 7. cxd5 cxd5 8.
Bb5+ Nc6 9. O-O Bd7 10. Re1+ Be7 11. Nf1 Ne4 12. Ng5 Bxg5 13. Ng3 a6 14. Bxc6
Bxc6 15. f3 Bxc1 16. Rxc1 O-O 17. fxe4 Re8 18. e5 Re6 19. Nf5 Rg6 20. Qf3 Qc7
21. Rc2 Re8 22. Ree2 Qb6 23. Nd6 Rf8 24. Rf2 Qc7 25. a3 Qd7 26. h3 h6 27. Qh5
Rg5 28. Qf3 Qe6 29. Rf1 Qg6 30. Rc3 h5 31. Nf5 Qe6 32. Qf4 f6 33. Re3 Bd7 34.
Nd6 Bc6 35. Qh4 Be8 36. Rff3 Qd7 37. exf6 Rg6 38. Nxe8 gxf6 39. Nxf6+ Rfxf6 40.
Rxf6 Qg7 1-0

[Event "VI Open A"]
[Site "Viterbo ITA"]
[Date "2009.05.31"]
[Round "3"]
[White "Isonzo, David"]
[Black "Passerotti, Pierluigi"]
[Result "1/2-1/2"]
[WhiteElo "2367"]
[BlackElo "2301"]
[PlyCount "21"]
[EventDate "2009.05.30"]

1. e4 e6 2. d4 d5 3. Nc3 dxe4 4. Nxe4 Nd7 5. Nf3 Ngf6 6. Bg5 Be7 7. Bxf6 Nxf6
8. Bd3 O-O 9. Qe2 c5 10. Nxc5 Bxc5 11. O-O-O 1/2-1/2

[Event "VI Open A"]
[Site "Viterbo ITA"]
[Date "2009.05.31"]
[Round "3"]
[White "Lisi, Sebastiano"]
[Black "Pompili, Ugo"]
[Result "1/2-1/2"]
[WhiteElo "1964"]
[BlackElo "1843"]
[PlyCount "41"]
[EventDate "2009.05.30"]

1. e4 e5 2. Nf3 Nc6 3. Bb5 a6 4. Ba4 d6 5. c3 f5 6. d4 fxe4 7. d5 b5 8. Bc2
exf3 9. dxc6 Nf6 10. Qxf3 Be7 11. Bg5 O-O 12. Nd2 Be6 13. Bxf6 Rxf6 14. Qd3 g6
15. h4 d5 16. Qe3 Qf8 17. Nf3 Bc5 18. Qxe5 Bd6 19. Qd4 Bc5 20. Qe5 Bd6 21. Qd4
1/2-1/2

[Event "VI Open A"]
[Site "Viterbo ITA"]
[Date "2009.05.31"]
[Round "3"]
[White "Maddaloni, Giovanni"]
[Black "Pescatore, Lorenzo"]
[Result "0-1"]
[WhiteElo "1812"]
[BlackElo "1832"]
[PlyCount "54"]
[EventDate "2009.05.30"]

1. e4 Nc6 2. d4 e5 3. d5 Nce7 4. c4 Nf6 5. Nc3 Ng6 6. Nf3 Bb4 7. Bd3 Bxc3+ 8.
bxc3 d6 9. h3 b6 10. a4 a5 11. O-O O-O 12. Ra2 h6 13. Nh2 Qe7 14. Re1 Nh7 15.
Nf1 f5 16. exf5 Bxf5 17. Ng3 Bxd3 18. Qxd3 Qf7 19. f3 Rae8 20. Rae2 Qf6 21. Re4
Ng5 22. Rg4 Nf4 23. Bxf4 exf4 24. Ne4 Nxe4 25. Rxe4 Rxe4 26. Qxe4 Qxc3 27. Rxf4
Qc1+ 0-1

[Event "VI Open A"]
[Site "Viterbo ITA"]
[Date "2009.05.31"]
[Round "3"]
[White "Maggi, Fabrizio"]
[Black "Caleffi, Cesare"]
[Result "1-0"]
[WhiteElo "2053"]
[BlackElo "2003"]
[PlyCount "93"]
[EventDate "2009.05.30"]

1. c4 c6 2. e4 d5 3. exd5 cxd5 4. d4 Nf6 5. Nc3 e6 6. a3 dxc4 7. Bxc4 Nc6 8.
Nf3 Be7 9. O-O O-O 10. Bf4 a6 11. Ba2 b5 12. d5 exd5 13. Nxd5 Nxd5 14. Bxd5 Bb7
15. Ne5 Na5 16. Bxb7 Nxb7 17. Qf3 Na5 18. Rfd1 Qb6 19. Nd7 Qg6 20. Nxf8 Rxf8
21. Bd2 Nc4 22. Bb4 Bxb4 23. axb4 Nxb2 24. Rd7 Re8 25. h4 h6 26. h5 Qe6 27. Qd5
Qxd5 28. Rxd5 Re6 29. Ra2 Nc4 30. Rd8+ Kh7 31. Rd7 Ne5 32. Ra7 Nd3 33. R2xa6
Re1+ 34. Kh2 Nxb4 35. Rb6 Re5 36. g4 f5 37. Rbb7 fxg4 38. Rxg7+ Kh8 39. Rh7+
Kg8 40. Rxh6 Nd5 41. Rg6+ Kf8 42. h6 Ne7 43. Rg7 Nc8 44. Raf7+ Ke8 45. h7 Rh5+
46. Kg2 Nd6 47. Ra7 1-0

[Event "VI Open A"]
[Site "Viterbo ITA"]
[Date "2009.05.31"]
[Round "3"]
[White "Maggi, Luigi"]
[Black "Russi, Roberto"]
[Result "1-0"]
[WhiteElo "1876"]
[BlackElo "1946"]
[PlyCount "87"]
[EventDate "2009.05.30"]

1. c4 e5 2. Nc3 Nf6 3. Nf3 Nc6 4. e3 d6 5. d4 Qe7 6. Be2 g6 7. O-O Bg7 8. d5
Nb8 9. e4 Na6 10. Nd2 O-O 11. a3 c5 12. dxc6 bxc6 13. b4 Nc7 14. Rb1 a6 15. Nb3
Rd8 16. Na5 Qd7 17. Qa4 c5 18. Qxd7 Bxd7 19. Rd1 Be6 20. Bg5 Rd7 21. bxc5 dxc5
22. Rxd7 Bxd7 23. Rb7 Nfe8 24. Nb3 Bc8 25. Rb6 Ne6 26. Be3 Bf8 27. Bg4 N8c7 28.
Nd5 h5 29. Bh3 Nxd5 30. exd5 Nd4 31. Bxc8 Rxc8 32. f3 Nc2 33. Bc1 Ra8 34. Kf2
Kg7 35. g3 a5 36. a4 Nd4 37. Nxd4 cxd4 38. c5 Bxc5 39. Rc6 Bb4 40. Bg5 Ra7 41.
Bf6+ Kg8 42. Bxe5 d3 43. Rc8+ Bf8 44. Bd6 1-0

[Event "VI Open A"]
[Site "Viterbo ITA"]
[Date "2009.05.31"]
[Round "3"]
[White "Marini, Riccardo"]
[Black "Pitrelli, Antonio"]
[Result "1-0"]
[WhiteElo "1703"]
[BlackElo "1802"]
[PlyCount "47"]
[EventDate "2009.05.30"]

1. d4 d5 2. Nf3 Nf6 3. e3 e6 4. Bd3 Nbd7 5. Nbd2 b6 6. b3 Bb7 7. O-O c5 8. Bb2
Be7 9. Ne5 Nxe5 10. dxe5 Nd7 11. f4 Qc7 12. Qe2 O-O 13. Rac1 g6 14. c4 dxc4 15.
Nxc4 Bc6 16. e4 Rfd8 17. Rcd1 b5 18. Nd6 a6 19. Bb1 Nb6 20. f5 exf5 21. exf5
Bxd6 22. exd6 Qd7 23. Qe5 f6 24. Qxf6 1-0

[Event "VI Open A"]
[Site "Viterbo ITA"]
[Date "2009.05.31"]
[Round "3"]
[White "Perogio, Lorenzo"]
[Black "Antoniacci, Riccardo"]
[Result "1/2-1/2"]
[WhiteElo "1876"]
[BlackElo "1921"]
[PlyCount "91"]
[EventDate "2009.05.30"]

1. e4 c5 2. Nc3 Nc6 3. g3 g6 4. Bg2 Bg7 5. d3 e6 6. f4 Nge7 7. Nf3 d5 8. e5 b5
9. O-O a6 10. a3 Bb7 11. Ng5 h6 12. Nf3 Rc8 13. h4 Nf5 14. Kh2 Ncd4 15. Ne2
Nxf3+ 16. Bxf3 Qc7 17. Nc3 b4 18. Ne2 a5 19. c3 g5 20. h5 gxf4 21. gxf4 Rg8 22.
Rg1 Qe7 23. Rg4 d4 24. Qh1 Bxf3 25. Qxf3 Qd7 26. axb4 axb4 27. cxb4 cxb4 28.
Bd2 Qb5 29. Ng3 Ne7 30. Ne4 Kd7 31. Nd6 Qc6 32. Ra7+ Rc7 33. Rxc7+ Kxc7 34.
Qxc6+ Kxc6 35. Bxb4 Bxe5 36. Rxg8 Bxf4+ 37. Rg3 Nd5 38. Ba3 Nf6 39. Kh3 Bxg3
40. Kxg3 Nxh5+ 41. Kh4 Nf4 42. Nxf7 Nxd3 43. Nxh6 Kb5 44. Kg3 Kc4 45. Kf3 Kb3
46. Ke4 1/2-1/2

[Event "VI Open A"]
[Site "Viterbo ITA"]
[Date "2009.05.31"]
[Round "3"]
[White "Proietti, Tosca"]
[Black "Giuliani, Sante"]
[Result "0-1"]
[WhiteElo "1878"]
[BlackElo "1957"]
[PlyCount "90"]
[EventDate "2009.05.30"]

1. e4 d5 2. exd5 Qxd5 3. Nc3 Qa5 4. d4 Nf6 5. Bc4 Bf5 6. Nf3 e6 7. Bd2 c6 8.
Ne4 Qc7 9. Ng3 Bg6 10. O-O Nbd7 11. c3 Bd6 12. Bb3 h5 13. Nh4 Bh7 14. Bc2 Bxc2
15. Qxc2 O-O-O 16. a4 Bf4 17. Qc1 Nd5 18. Bxf4 Nxf4 19. Qe3 Nf6 20. Qe5 Qxe5
21. dxe5 Ng4 22. Nf3 Nd3 23. h3 Ngxe5 24. Nxe5 Nxe5 25. Rad1 Nd3 26. Rd2 Nf4
27. Rfd1 Rxd2 28. Rxd2 Rd8 29. Rxd8+ Kxd8 30. Ne4 Ke7 31. Kf1 b6 32. h4 Nd3 33.
b4 Nb2 34. a5 Nc4 35. axb6 axb6 36. Ke2 Nd6 37. Nd2 f6 38. g3 e5 39. Ke3 Ke6
40. Kf3 g5 41. hxg5 fxg5 42. Ke3 Kd5 43. f3 Nc4+ 44. Nxc4 Kxc4 45. Ke4 h4 0-1

[Event "VI Open A"]
[Site "Viterbo ITA"]
[Date "2009.05.31"]
[Round "3"]
[White "Rampini, Carlo"]
[Black "Buratti, Marco"]
[Result "1-0"]
[WhiteElo "1788"]
[BlackElo "2037"]
[PlyCount "65"]
[EventDate "2009.05.30"]

1. e4 e5 2. Nf3 Nc6 3. d4 exd4 4. Nxd4 Nf6 5. Bg5 h6 6. Nxc6 bxc6 7. Bxf6 Qxf6
8. c3 Bc5 9. Qc2 O-O 10. Bd3 d6 11. O-O a5 12. Nd2 Bd7 13. a3 a4 14. Nf3 Be6
15. Rae1 Rfb8 16. e5 Qd8 17. Re4 Bf5 18. Rd1 Bxe4 19. Bxe4 Qe8 20. Re1 d5 21.
Bf5 g6 22. Bg4 Rb3 23. Nd2 Rb6 24. e6 f5 25. Bd1 Rab8 26. Qxa4 Rxb2 27. Qf4 g5
28. Qxc7 Rxd2 29. Bh5 Qxh5 30. Qxb8+ Kg7 31. e7 Qe2 32. Qf8+ Kg6 33. e8=Q+ 1-0

[Event "VI Open A"]
[Site "Viterbo ITA"]
[Date "2009.05.31"]
[Round "3"]
[White "Tortolini, Francesco"]
[Black "Bondielli, Giorgio"]
[Result "0-1"]
[WhiteElo "1855"]
[BlackElo "1918"]
[PlyCount "84"]
[EventDate "2009.05.30"]

1. e4 e5 2. Nf3 Nf6 3. Nxe5 d6 4. Nf3 Nxe4 5. d4 d5 6. Bd3 Bd6 7. O-O O-O 8. c4
c6 9. Nc3 Nxc3 10. bxc3 Bg4 11. cxd5 cxd5 12. Bc2 Bh5 13. h3 Qf6 14. a4 Nc6 15.
Ba3 Bxa3 16. Rxa3 Na5 17. g4 Bg6 18. Bxg6 Qxg6 19. Ne5 Qd6 20. Ra1 Rac8 21. Qd3
f6 22. Nf3 Qc6 23. Qb5 Qxb5 24. axb5 b6 25. Rac1 Rfe8 26. Rfe1 Rxe1+ 27. Nxe1
Kf7 28. Nd3 Nb3 29. Re1 Rxc3 30. Nf4 Nxd4 31. Nxd5 Nf3+ 32. Kf1 Nxe1 33. Nxc3
Nf3 34. Ne2 Ke6 35. Kg2 Ne1+ 36. Kg3 Kd5 37. Nf4+ Kc5 38. Ne6+ Kxb5 39. Nxg7 a5
40. Nh5 a4 41. Nxf6 a3 42. Ne4 Kb4 0-1

[Event "VI Open A"]
[Site "Viterbo ITA"]
[Date "2009.05.31"]
[Round "3"]
[White "Trifoglio, Giovanni"]
[Black "Vargiu, Antonio"]
[Result "1-0"]
[WhiteElo "1953"]
[BlackElo "1841"]
[PlyCount "160"]
[EventDate "2009.05.30"]

1. e4 e6 2. d4 d5 3. e5 c5 4. c3 Nc6 5. Nf3 f6 6. Bd3 Qc7 7. Bf4 Qb6 8. Bc1 Bd7
9. O-O O-O-O 10. dxc5 Bxc5 11. b4 Be7 12. Be3 Qc7 13. b5 Nxe5 14. Nxe5 fxe5 15.
Bxa7 Bc5 16. Bxc5 Qxc5 17. a4 Nf6 18. Nd2 Kc7 19. c4 Kb8 20. Nb3 Qc7 21. c5 e4
22. Be2 h5 23. a5 Ng4 24. g3 e3 25. f3 Nf2 26. Qd4 h4 27. g4 Nh3+ 28. Kh1 Qf4
29. c6 Qxd4 30. Nxd4 Bc8 31. cxb7 Kxb7 32. a6+ Kb6 33. Rfc1 Bd7 34. a7 Nf4 35.
Ra6+ Kb7 36. Ra5 e5 37. Nc6 Nxe2 38. Nxd8+ Rxd8 39. Re1 Nd4 40. Rxe3 Bxb5 41.
Rxe5 Be2 42. a8=Q+ Rxa8 43. Re7+ Kc6 44. Rxa8 Bxf3+ 45. Kg1 Bxg4 46. Rxg7 Bf3
47. Kf2 Be4 48. Ra6+ Kb5 49. Rh6 Nf5 50. Rb7+ Kc4 51. Rc6+ Kd4 52. Rb4+ Ke5 53.
Rc8 Kf4 54. Rf8 Kg4 55. Ra4 Kg5 56. Ra1 Kf4 57. Rg1 Ke5 58. Rg5 Kf4 59. Rh5 Kg4
60. Rhh8 Kg5 61. Rfg8+ Kf4 62. h3 Ke5 63. Rh5 Kf6 64. Rhg5 Ke6 65. Rg4 Kf6 66.
Re8 Nd6 67. Rf8+ Ke7 68. Rff4 Nf5 69. Rxe4+ dxe4 70. Rxe4+ Kf6 71. Kf3 Kg5 72.
Rg4+ Kf6 73. Kf4 Ne7 74. Rg5 Ng6+ 75. Kg4 Ne5+ 76. Kh5 Nf3 77. Ra5 Ke6 78. Kg4
Ne5+ 79. Kxh4 Kf6 80. Rxe5 Kxe5 1-0

[Event "VI Open A"]
[Site "Viterbo ITA"]
[Date "2009.06.01"]
[Round "4"]
[White "Almadori, Giovanni"]
[Black "Perogio, Lorenzo"]
[Result "0-1"]
[WhiteElo "1401"]
[BlackElo "1876"]
[PlyCount "62"]
[EventDate "2009.05.30"]

1. Nf3 d6 2. d4 Nf6 3. g3 g6 4. Bg2 Bg7 5. O-O O-O 6. Bf4 c6 7. Qd2 Re8 8. Re1
Ne4 9. Qd3 Bf5 10. Nh4 Qa5 11. c3 Nxf2 12. Qf3 Nh3+ 13. Bxh3 Bxh3 14. g4 g5 15.
Nf5 gxf4 16. Nxg7 Kxg7 17. Qxh3 Nd7 18. Nd2 e5 19. g5 Re6 20. Nf3 Rg8 21. dxe5
Nxe5 22. Kh1 Nxf3 23. exf3 Qd5 24. Qg4 Re3 25. Kg2 Qd2+ 26. Kf1 Qxh2 27. Qg2
Qxg2+ 28. Kxg2 Rge8 29. Kf2 Rxe1 30. Rxe1 Rxe1 31. Kxe1 Kg6 0-1

[Event "VI Open A"]
[Site "Viterbo ITA"]
[Date "2009.06.01"]
[Round "4"]
[White "Arabito, Giuseppe"]
[Black "De Caro, Nicola"]
[Result "1/2-1/2"]
[WhiteElo "1901"]
[BlackElo "1656"]
[PlyCount "91"]
[EventDate "2009.05.30"]

1. e4 g6 2. Nf3 Bg7 3. d4 d6 4. Be2 Nd7 5. O-O Ngf6 6. Nbd2 O-O 7. Re1 c6 8. c3
e5 9. dxe5 dxe5 10. Qc2 Qc7 11. a4 Nh5 12. Nc4 Nc5 13. b4 Ne6 14. g3 b5 15. Ne3
bxa4 16. Bc4 Bd7 17. Rxa4 Nf6 18. Ra5 Ne8 19. Bd2 Nd6 20. Bd3 Nb7 21. Ra2 a5
22. Rea1 Rfd8 23. Nc4 a4 24. Ne3 Bh6 25. Rxa4 Rxa4 26. Rxa4 Bxe3 27. Bxe3 c5
28. Ra2 cxb4 29. cxb4 Qd6 30. Ba6 Bc8 31. b5 Nec5 32. Kg2 Be6 33. Bxb7 Nxb7 34.
Ra6 Qd7 35. Ng5 Qxb5 36. Nxe6 Qxa6 37. Nxd8 Nxd8 38. Bh6 Ne6 39. Qb2 Qd6 40.
Qc3 Qb8 41. Qc6 Nd4 42. Qf6 Ne6 43. h4 Qd6 44. Qf3 Nd4 45. Qe3 Ne6 46. Qd2
1/2-1/2

[Event "VI Open A"]
[Site "Viterbo ITA"]
[Date "2009.06.01"]
[Round "4"]
[White "Biondi, Massimo"]
[Black "Lisi, Sebastiano"]
[Result "0-1"]
[WhiteElo "1853"]
[BlackElo "1964"]
[PlyCount "54"]
[EventDate "2009.05.30"]

1. e4 e5 2. Nf3 Nc6 3. Bb5 a6 4. Ba4 Nf6 5. O-O Be7 6. Re1 b5 7. Bb3 d6 8. c3
O-O 9. h3 Na5 10. Bc2 d5 11. exd5 e4 12. Ng5 Nxd5 13. Nxe4 f5 14. Ng3 f4 15.
Qh5 Nf6 16. Qf3 fxg3 17. Qxg3 Bd6 18. Qh4 Re8 19. Rxe8+ Qxe8 20. Kf1 Bb7 21. d4
Qc6 22. f3 Bh2 23. Bg5 Qc4+ 24. Kf2 Re8 25. Bd1 Qe6 26. Bd2 Nc4 27. Kf1 Nh5 0-1

[Event "VI Open A"]
[Site "Viterbo ITA"]
[Date "2009.06.01"]
[Round "4"]
[White "Bondielli, Giorgio"]
[Black "Maggi, Luigi"]
[Result "0-1"]
[WhiteElo "1918"]
[BlackElo "1876"]
[PlyCount "68"]
[EventDate "2009.05.30"]

1. e4 e6 2. d4 d5 3. e5 c5 4. c3 Qb6 5. Nf3 Nc6 6. a3 c4 7. Nbd2 f6 8. exf6
Nxf6 9. Rb1 Bd6 10. Be2 O-O 11. O-O e5 12. b3 Bf5 13. Ra1 exd4 14. Nh4 Be6 15.
bxc4 dxc3 16. Nb1 Qd4 17. Qxd4 Nxd4 18. Nxc3 Nxe2+ 19. Nxe2 dxc4 20. Nd4 Bd5
21. Nhf3 Bxf3 22. Nxf3 b5 23. Bd2 Ne4 24. Bb4 Rfd8 25. Rfe1 Bxb4 26. axb4 Nd2
27. Ne5 Nb3 28. Ra6 Rd2 29. Rc6 h6 30. Rc7 Nd4 31. Nf3 Nxf3+ 32. gxf3 Rd6 33.
Ree7 Rg6+ 34. Kf1 a5 0-1

[Event "VI Open A"]
[Site "Viterbo ITA"]
[Date "2009.06.01"]
[Round "4"]
[White "Buratti, Marco"]
[Black "Pompili, Ugo"]
[Result "0-1"]
[WhiteElo "2037"]
[BlackElo "1843"]
[PlyCount "109"]
[EventDate "2009.05.30"]

1. e4 e5 2. Nc3 Nf6 3. Bc4 Nxe4 4. Qh5 Nd6 5. Bb3 Be7 6. Nf3 Nc6 7. Nxe5 Nxe5
8. Qxe5 O-O 9. O-O Bf6 10. Qf4 Re8 11. d4 g6 12. Be3 Rf8 13. Nd5 Bg7 14. Rfe1
b6 15. Bd2 Bb7 16. Bb4 Bxd5 17. Bxd5 Rc8 18. c3 Qf6 19. Qg4 Rfd8 20. Re3 h5 21.
Qd1 Nf5 22. Rf3 d6 23. Qd3 c5 24. Ba3 cxd4 25. c4 Re8 26. b3 Qe5 27. h3 Rcd8
28. g4 hxg4 29. hxg4 Nh6 30. Qxg6 Qxd5 31. Qxg7+ Kxg7 32. cxd5 Re5 33. Rd1 Rxd5
34. Bb2 Kh7 35. Rxd4 Rg5 36. Rh3 Kg6 37. Bc1 Rxg4+ 38. Rxg4+ Nxg4 39. Rg3 Kf5
40. f3 Ne5 41. Be3 Rc8 42. Bd4 Rc1+ 43. Kg2 Rc2+ 44. Kh3 Rxa2 45. f4 Kxf4 46.
Be3+ Ke4 47. Bg5 Ra1 48. Kg2 Ra2+ 49. Kh3 Ra1 50. Kg2 Rd1 51. Re3+ Kd4 52. Rh3
Rd3 53. Rh4+ Kc3 54. b4 Rd4 55. Rh6 0-1

[Event "VI Open A"]
[Site "Viterbo ITA"]
[Date "2009.06.01"]
[Round "4"]
[White "Caleffi, Cesare"]
[Black "Calandri, Fausto"]
[Result "1/2-1/2"]
[WhiteElo "2003"]
[BlackElo "2149"]
[PlyCount "100"]
[EventDate "2009.05.30"]

1. d4 e6 2. Nf3 Nf6 3. Bg5 b6 4. Nbd2 Bb7 5. e3 h6 6. Bh4 c5 7. c3 Nc6 8. Bd3
Be7 9. O-O O-O 10. Re1 d5 11. Rc1 a5 12. a4 Nd7 13. Bxe7 Qxe7 14. e4 dxe4 15.
Nxe4 cxd4 16. cxd4 Nf6 17. Qb3 Nb4 18. Nxf6+ Qxf6 19. Be4 Bxe4 20. Rxe4 Rac8
21. Ree1 Qf4 22. Rc4 Rc7 23. g3 Qd6 24. Rec1 Rfc8 25. Nd2 Rxc4 26. Rxc4 Rxc4
27. Qxc4 Qc6 28. Qxc6 Nxc6 29. Nc4 Nxd4 30. Nxb6 Kf8 31. Nc4 Nc6 32. Kf1 Ke7
33. Ke2 e5 34. Kd3 Ke6 35. Ne3 f5 36. Kc4 f4 37. Nd5 fxg3 38. hxg3 Kd6 39. Ne3
Nd4 40. b4 axb4 41. Kxb4 h5 42. a5 g5 43. a6 Kc6 44. Kc4 h4 45. gxh4 gxh4 46.
Ng4 Nf3 47. Kd3 h3 48. Ke4 h2 49. Nxh2 Nxh2 50. Kxe5 Ng4+ 1/2-1/2